| 000 | 00796nam a2200265 a 4500 | ||
|---|---|---|---|
| 003 | UPN | ||
| 005 | 20250806094210.0 | ||
| 008 | 020701s2004 mx erz 001 e spa d | ||
| 020 | _a9687474084 | ||
| 035 | _aUPN01000141669 | ||
| 040 |
_aMX-MxUPN _bspa _cMX-MxUPN |
||
| 041 | _aspa | ||
| 049 | _aUNE | ||
| 050 | 4 |
_aJC571 D4.73a _b2004 |
|
| 245 | 0 | 4 |
_aLos Derechos Humanos en el siglo XXI : _bcincuenta ideas para su práctica / |
| 260 |
_aMéxico : _bUNESCO, _cc2004. |
||
| 300 | _a183 páginas | ||
| 440 | 4 | _aLos derechos humanos en perspectiva | |
| 650 | 4 |
_aDerechos humanos _95797 |
|
| 700 | 1 |
_aMayor Zaragoza, Federico, _d1934- _ecompilación _929202 |
|
| 700 | 1 |
_aDroit, Roger-Pol, _ecolaboración |
|
| 902 | _bMaiella Martínez / 06082025 | ||
| 905 | _aLibro | ||
| 942 |
_2lcc _cLIBRO |
||
| 999 |
_c113816 _d113816 |
||